ARRUPE JESUIT UNIVERSITY

CORONAVIRUS -STOP THE SPREAD - CLEAN,DISINFECT,COVER

Christianity and genocide in Rwanda / (Record no. 118034)

MARC details
000 -LEADER
fixed length control field 02309cam a2200373 a 4500
001 - CONTROL NUMBER
control field 15764443
003 - CONTROL NUMBER IDENTIFIER
control field ARRUPE
005 - DATE AND TIME OF LATEST TRANSACTION
control field 20140913020006.0
008 - FIXED-LENGTH DATA ELEMENTS--GENERAL INFORMATION
fixed length control field 090605s2010 enkb b 001 0 eng
010 ## - LIBRARY OF CONGRESS CONTROL NUMBER
LC control number 2009023321
020 ## - INTERNATIONAL STANDARD BOOK NUMBER
International Standard Book Number 9780521191395 (hardback : alk. paper)
020 ## - INTERNATIONAL STANDARD BOOK NUMBER
International Standard Book Number 0521191394 (hardback : alk. paper)
035 ## - SYSTEM CONTROL NUMBER
System control number (OCoLC)ocn351329762
040 ## - CATALOGING SOURCE
Original cataloging agency DLC
Transcribing agency DLC
Modifying agency BTCTA
-- YDXCP
-- C#P
-- BWX
-- DTM
-- DLC
043 ## - GEOGRAPHIC AREA CODE
Geographic area code f-rw---
050 00 - LIBRARY OF CONGRESS CALL NUMBER
Classification number DT450.435
Item number .L66 2010
300 ## - PHYSICAL DESCRIPTION
Other physical details maps ;
Dimensions 24 cm.
100 1# - MAIN ENTRY--PERSONAL NAME
Personal name Longman, Timothy Paul.
9 (RLIN) 1217
245 10 - TITLE STATEMENT
Title Christianity and genocide in Rwanda /
Statement of responsibility, etc Timothy Longman.
260 ## - PUBLICATION, DISTRIBUTION, ETC. (IMPRINT)
Place of publication, distribution, etc Cambridge, U.K. ;
-- New York :
Name of publisher, distributor, etc Cambridge University Press,
Date of publication, distribution, etc 2010.
300 ## - PHYSICAL DESCRIPTION
Extent xiii, 350 p. :
490 1# - SERIES STATEMENT
Series statement African studies
504 ## - BIBLIOGRAPHY, ETC. NOTE
Bibliography, etc Includes bibliographical references and index.
505 0# - FORMATTED CONTENTS NOTE
Formatted contents note "People came to mass each day to pray, then they went out to kill" : Christian churches, civil society, and genocide -- "Render unto Caesar and Musinga ..." : Christianity and the colonial state -- The churches and the politics of ethnicity -- "Working hand in hand" : Christian churches and the postcolonial state (1962-1990) -- "Giants with feet of clay" : Christian churches and the postcolonial state (1962-1990) -- "" : Christian churches and democratization (1990-1992) -- "It is the end of the world" : Christian churches and genocide (1993-1994) -- Kirinda : local churches and the construction of hegemony -- Biguhu : local churches, empowerment of the poor, and challenges to hegemony -- "Commanded by the devil" : Christian involvement in the genocide in Kirinda and Biguhu -- Churches and accounting for genocide.
650 #0 - SUBJECT ADDED ENTRY--TOPICAL TERM
Topical term or geographic name as entry element Genocide
Geographic subdivision Rwanda
General subdivision History
Chronological subdivision 20th century.
9 (RLIN) 1218
650 #0 - SUBJECT ADDED ENTRY--TOPICAL TERM
Topical term or geographic name as entry element Genocide
General subdivision Religious aspects
-- Christianity.
9 (RLIN) 1219
650 #0 - SUBJECT ADDED ENTRY--TOPICAL TERM
Topical term or geographic name as entry element Ethnic relations
General subdivision Religious aspects
-- Christianity
9 (RLIN) 1220
650 #0 - SUBJECT ADDED ENTRY--TOPICAL TERM
Topical term or geographic name as entry element Ethnic relations
General subdivision Religious aspects
-- Christianity.
9 (RLIN) 1221
651 #0 - SUBJECT ADDED ENTRY--GEOGRAPHIC NAME
Geographic name Rwanda
General subdivision History
Chronological subdivision Civil War, 1994
General subdivision Atrocities.
9 (RLIN) 1222
651 #0 - SUBJECT ADDED ENTRY--GEOGRAPHIC NAME
Geographic name Rwanda
General subdivision History
Chronological subdivision Civil War, 1994
General subdivision Religious aspects.
9 (RLIN) 1223
830 #0 - SERIES ADDED ENTRY--UNIFORM TITLE
Uniform title African studies series.
9 (RLIN) 1224
906 ## - LOCAL DATA ELEMENT F, LDF (RLIN)
a 7
b cbc
c orignew
d 1
e ecip
f 20
g y-gencatlg
942 ## - ADDED ENTRY ELEMENTS (KOHA)
Source of classification or shelving scheme Library of Congress Classification
Koha item type Monograph ( Printed materials)
Koha issues (borrowed), all copies 1
Holdings
Withdrawn status Lost status Source of classification or shelving scheme Damaged status Not for loan Home library Current library Shelving location Date acquired Total Checkouts Full call number Barcode Date last seen Date checked out Price effective from Koha item type
    Library of Congress Classification     ARRUPE LIBRARY ARRUPE LIBRARY Main Collection 25/09/2013 7 DT450.435 .L66 2010 46409775 07/12/2017 26/10/2017 25/09/2013 Monograph ( Printed materials)

 

Arrupe Library. PO Box MP320 Mt Pleasant, Harare, Zimbabwe
263 242 745411|librarian@aju.ac.zw